[Event "Bayern-ch Seniors 22nd"]
[Site "Bergen"]
[Date "2010.06.20"]
[Round "9"]
[White "Aigner, Georg"]
[Black "Kramar, Ilia"]
[Result "1-0"]
[WhiteElo "1824"]
[BlackElo "1918"]
[PlyCount "82"]
[EventDate "2010.06.12"]
[EventType "swiss"]
[EventRounds "9"]
[EventCountry "GER"]
[SourceTitle "EXT 2011"]
[Source "ChessBase"]
[SourceDate "2010.11.26"]
[SourceVersion "1"]
[SourceVersionDate "2010.11.26"]
[SourceQuality "1"]

1. e4 g6 2. d4 Bg7 3. Nc3 d6 4. Be3 Nf6 5. Nf3 c6 6. Be2 Nbd7 7. h3 0-0 8. e5 dxe5 9. dxe5 Nd5 10. Nxd5 cxd5 11. Qxd5 Nxe5 12. 0-0-0 Qxd5 13. Rxd5 Nc6 14. a3 h6 15. Rhd1 Be6 16. R5d2 Rac8 17. Nd4 Nxd4 18. Bxd4 Bxd4 19. Rxd4 Rc7 20. b4 Rc3 21. Kb2 Rfc8 22. Rd8+ Kg7 23. Rxc8 Rxc8 24. Rd4 Bf5 25. Bd3 Be6 26. c4 Rc7 27. Kc3 Bc8 28. Rd8 h5 29. a4 g5 30. Kd4 Be6 31. a5 f6 32. b5 Bf7 33. Ra8 e5+ 34. Kc3 Bd5 35. Bf1 b6 36. axb6 Bxa8 37. bxc7 Bb7 38. Be2 Kg6 39. c5 f5 40. b6 axb6 41. cxb6 Kf6 1-0

[Event "Bayern-ch Seniors 22nd"]
[Site "Bergen"]
[Date "2010.06.14"]
[Round "3"]
[White "Kramar, Ilia"]
[Black "Schuster, Herbert"]
[Result "1-0"]
[WhiteElo "1918"]
[BlackElo "1688"]
[PlyCount "78"]
[EventDate "2010.06.12"]
[EventType "swiss"]
[EventRounds "9"]
[EventCountry "GER"]
[SourceTitle "EXT 2011"]
[Source "ChessBase"]
[SourceDate "2010.11.26"]
[SourceVersion "1"]
[SourceVersionDate "2010.11.26"]
[SourceQuality "1"]

1. Nf3 Nf6 2. d4 d5 3. Bf4 Bf5 4. Nbd2 e6 5. e3 Bd6 6. Ne5 c6 7. Be2 Bxe5 8. Bxe5 Nbd7 9. Bf4 Ne4 10. f3 Nxd2 11. Qxd2 h6 12. c4 a5 13. 0-0 0-0 14. Rac1 Qb6 15. c5 Qb4 16. Rc3 a4 17. a3 Qa5 18. e4 dxe4 19. fxe4 Bxe4 20. Bxh6 Qd8 21. Rh3 g6 22. Rf4 Bf5 23. g4 g5 24. Rf1 Bg6 25. Bxf8 Nxf8 26. Qe3 Qd5 27. Bf3 Qd7 28. Rd1 f6 29. Be2 Kg7 30. Rg3 Bc2 31. Rd2 Bb3 32. Bd3 Rd8 33. Bb1 Bd5 34. h4 Qe7 35. hxg5 fxg5 36. Rh3 Kg8 37. Rdh2 Qf6 38. Rh8+ Kf7 39. Rf2 Qxf2+ 1-0

[Event "Bayern-ch Seniors 21st"]
[Site "Bergen"]
[Date "2009.06.21"]
[Round "2"]
[White "Rosmann, Armin"]
[Black "Kramar, Ilia"]
[Result "0-1"]
[WhiteElo "1564"]
[BlackElo "1963"]
[PlyCount "104"]
[EventDate "2009.06.20"]
[EventType "swiss"]
[EventRounds "9"]
[EventCountry "GER"]
[SourceTitle "EXT 2015"]
[Source "ChessBase"]
[SourceDate "2014.11.20"]
[SourceVersion "1"]
[SourceVersionDate "2014.11.20"]
[SourceQuality "1"]

1. d4 g6 2. e4 Bg7 3. Be3 d6 4. Nf3 Nf6 5. Bd3 Ng4 6. 0-0 Nxe3 7. fxe3 0-0 8. c3 Nd7 9. Nbd2 c6 10. Qc2 e5 11. Rae1 Qe7 12. Rf2 b6 13. b3 Bh6 14. h3 Bb7 15. Nh2 a6 16. Ng4 Bg7 17. Nf1 Rae8 18. Ng3 Qh4 19. Rf3 h5 20. Nh2 d5 21. Qf2 c5 22. exd5 exd4 23. Rf4 Qd8 24. c4 dxe3 25. Qe2 Bh6 26. Re4 Ne5 27. Bc2 f5 28. Rxe5 Rxe5 29. Nf3 Ree8 30. Rd1 Qd6 31. Nf1 Bc8 32. N1h2 Re7 33. Nh4 g5 34. Nxf5 Bxf5 35. Bxf5 Rxf5 36. Qxh5 Bg7 37. Nf3 Rxf3 38. Qxf3 Rf7 39. Qe4 Qf4 40. Qe6 Qf2+ 41. Kh1 e2 42. Rb1 Qf1+ 43. Rxf1 exf1Q+ 44. Kh2 Qf4+ 45. Kh1 Qe5 46. Kg1 Qxe6 47. dxe6 Bd4+ 48. Kh2 Re7 49. Kg3 Kg7 50. Kg4 Kg6 51. Kf3 Rxe6 52. g4 Re3+ 0-1

[Event "Bayern-ch Seniors 21st"]
[Site "Bergen"]
[Date "2009.06.20"]
[Round "1"]
[White "Kramar, Ilia"]
[Black "Klimpel, Siegfried"]
[Result "0-1"]
[WhiteElo "1963"]
[BlackElo "1624"]
[PlyCount "68"]
[EventDate "2009.06.20"]
[EventType "swiss"]
[EventRounds "9"]
[EventCountry "GER"]
[SourceTitle "EXT 2015"]
[Source "ChessBase"]
[SourceDate "2014.11.20"]
[SourceVersion "1"]
[SourceVersionDate "2014.11.20"]
[SourceQuality "1"]

1. Nf3 d5 2. d4 c6 3. Bf4 Nf6 4. Nbd2 e6 5. e3 Be7 6. Bd3 b6 7. 0-0 Bb7 8. h3 c5 9. c3 Nbd7 10. Qe2 Nh5 11. Bh2 f5 12. Ne5 Nhf6 13. f3 0-0 14. Rad1 c4 15. Bb1 Nh5 16. g4 Nxe5 17. dxe5 Qe8 18. Rf2 f4 19. e4 Ng3 20. Bxg3 fxg3 21. Rg2 Bc5+ 22. Kh1 Bf2 23. exd5 Bxd5 24. Ne4 Bxe4 25. Qxe4 g6 26. Qe2 Rd8 27. Rf1 b5 28. Rgxf2 gxf2 29. Qxf2 Qe7 30. f4 Rd7 31. Qe3 Rfd8 32. a4 Qh4 33. Kg2 Rd3 34. Bxd3 Rxd3 0-1

[Event "Bayern-ch Seniors 17th"]
[Site "Schloss Schney"]
[Date "2005.06.18"]
[Round "9"]
[White "Wimmer, Herbert"]
[Black "Kramar, Ilia"]
[Result "1-0"]
[WhiteElo "2148"]
[BlackElo "1966"]
[PlyCount "89"]
[EventDate "2005.06.10"]
[EventType "swiss"]
[EventRounds "9"]
[EventCountry "GER"]
[SourceTitle "EXT 2006"]
[Source "ChessBase"]
[SourceDate "2005.11.24"]
[SourceVersion "1"]
[SourceVersionDate "2005.11.24"]
[SourceQuality "1"]

1. d4 Nf6 2. Nf3 g6 3. c4 Bg7 4. Nc3 d6 5. e4 0-0 6. Be2 Nc6 7. d5 Nb8 8. 0-0 Nbd7 9. Ne1 Nc5 10. f3 a5 11. Nd3 Nfd7 12. Be3 b6 13. Rb1 e5 14. a3 f5 15. b4 Nxd3 16. Qxd3 f4 17. Bf2 Qe7 18. Nb5 Nf6 19. c5 bxc5 20. bxc5 Ba6 21. Qd2 Rfb8 22. a4 dxc5 23. Rfc1 Ne8 24. Bxc5 Qd7 25. Ba3 Bb7 26. Rb2 c6 27. dxc6 Bxc6 28. Bc4+ Kh8 29. Qxd7 Bxd7 30. Rd2 Bc6 31. Bf1 Rc8 32. Rdc2 Bb7 33. Rxc8 Rxc8 34. Rxc8 Bxc8 35. Bb2 Kg8 36. Bc4+ Kh8 37. Bc3 Bf6 38. Bxa5 Kg7 39. Bc3 Kf8 40. Na7 Bb7 41. a5 Be7 42. Kf1 Nd6 43. a6 Nxc4 44. axb7 Bd6 45. Bb4 1-0

[Event "Augsburg Afro op"]
[Site "Augsburg"]
[Date "2003.08.08"]
[Round "4"]
[White "Muetz, Gunnar"]
[Black "Kramar, Ilia"]
[Result "1-0"]
[WhiteElo "2188"]
[BlackElo "1995"]
[PlyCount "107"]
[EventDate "2003.08.06"]
[EventType "swiss"]
[EventRounds "7"]
[EventCountry "GER"]
[SourceTitle "EXT 2006"]
[Source "ChessBase"]
[SourceDate "2005.11.24"]
[SourceVersion "1"]
[SourceVersionDate "2005.11.24"]
[SourceQuality "1"]

1. c4 g6 2. Nc3 Bg7 3. e4 e5 4. Nge2 Nc6 5. g3 Nge7 6. Bg2 0-0 7. 0-0 f5 8. f4 d6 9. d3 Nd4 10. h3 c6 11. Kh2 Be6 12. Rb1 a5 13. a3 d5 14. cxd5 cxd5 15. fxe5 Nxe2 16. Qxe2 fxe4 17. Rxf8+ Qxf8 18. dxe4 d4 19. Nd5 Bxe5 20. Bg5 Nc6 21. Rf1 Qd6 22. Rf3 Rf8 23. Bh6 Rf7 24. Qf2 Bxd5 25. exd5 Rxf3 26. Qxf3 Nd8 27. Qg4 d3 28. b4 axb4 29. axb4 b6 30. b5 Nf7 31. Qc8+ Qd8 32. Qxd8+ Nxd8 33. Bf1 Nf7 34. Be3 Bc7 35. Bxd3 Kf8 36. h4 Ne5 37. Be2 Ke7 38. Kh3 Kd6 39. h5 Kxd5 40. h6 Nf7 41. Bd1 Ke4 42. Bc1 g5 43. Bc2+ Kf3 44. g4 Bg3 45. Bb3 Ne5 46. Bxg5 Be1 47. Bd5+ Kf2 48. Bf6 Ng6 49. Bd4+ Ke2 50. Be4 Nf8 51. Bxb6 Bd2 52. Bf5 Bxh6 53. Bc7 Ng6 54. Bxg6 1-0

[Event "Augsburg Afro op"]
[Site "Augsburg"]
[Date "2003.08.07"]
[Round "2"]
[White "Kramar, Ilia"]
[Black "Holzschuh, Peter"]
[Result "1-0"]
[WhiteElo "1995"]
[BlackElo "2220"]
[PlyCount "79"]
[EventDate "2003.08.06"]
[EventType "swiss"]
[EventRounds "7"]
[EventCountry "GER"]
[SourceTitle "EXT 2006"]
[Source "ChessBase"]
[SourceDate "2005.11.24"]
[SourceVersion "1"]
[SourceVersionDate "2005.11.24"]
[SourceQuality "1"]

1. d4 Nf6 2. Nc3 c5 3. dxc5 e6 4. Nf3 Bxc5 5. e3 0-0 6. Bd3 Nc6 7. 0-0 d5 8. Re1 e5 9. Bb5 Re8 10. h3 Bf5 11. g4 Bg6 12. g5 Ne4 13. Qxd5 Nxg5 14. Nxg5 Qxg5+ 15. Kh2 Qh4 16. Rg1 Bf8 17. Bxc6 bxc6 18. Qxc6 Qxf2+ 19. Rg2 Qh4 20. e4 Rac8 21. Qd7 Red8 22. Qg4 Qxg4 23. Rxg4 Bb4 24. Nd5 Rxc2+ 25. Kg3 Be1+ 26. Kf3 Kf8 27. Bg5 Rxd5 28. exd5 f5 29. Rxe1 fxg4+ 30. hxg4 e4+ 31. Kf4 Ke8 32. Ke5 Kd7 33. Re3 h6 34. Bf4 Rxb2 35. Ra3 Rb7 36. Ra6 Bh7 37. Rd6+ Ke7 38. g5 h5 39. g6 Bg8 40. Bg5+ 1-0

[Event "Augsburg Afro Seniors op 9th"]
[Site "Augsburg"]
[Date "2002.08.11"]
[Round "7"]
[White "Ruisinger, Felix"]
[Black "Kramar, Ilia"]
[Result "1/2-1/2"]
[WhiteElo "1928"]
[BlackElo "2067"]
[PlyCount "98"]
[EventDate "2002.08.08"]
[EventType "swiss"]
[EventRounds "7"]
[EventCountry "GER"]
[SourceTitle "EXT 2007"]
[Source "ChessBase"]
[SourceDate "2006.11.23"]
[SourceVersion "1"]
[SourceVersionDate "2006.11.23"]
[SourceQuality "1"]

1. e4 c6 2. d4 g6 3. Nc3 Bg7 4. Nf3 d5 5. h3 dxe4 6. Nxe4 Nd7 7. Bc4 Ndf6 8. Ng3 Nh6 9. Ne5 0-0 10. c3 Nf5 11. Nxf5 Bxf5 12. Qb3 Nd5 13. Qxb7 Bxe5 14. dxe5 Nb6 15. Bb3 Qd3 16. Qxe7 Nd5 17. Bxd5 cxd5 18. Qf6 Qe4+ 19. Kf1 Rfe8 20. Bh6 Qxe5 21. Qxe5 Rxe5 22. Be3 a5 23. Ke2 a4 24. b4 Bd7 25. a3 Rb8 26. Rad1 Bb5+ 27. Kd2 Bc4 28. Kc1 Rbe8 29. Rd4 f5 30. Rhd1 Kf7 31. Kd2 Re4 32. Re1 f4 33. Rxe4 Rxe4 34. Bb6 Ke6 35. Bc7 Kf5 36. h4 h5 37. f3 Rxe1 38. Kxe1 Bd3 39. Kd2 Bf1 40. g3 fxg3 41. Bxg3 Ke6 42. Ke3 Kd7 43. Kd4 Kc6 44. f4 Be2 45. Ke5 Bd3 46. Bf2 Bc4 47. f5 gxf5 48. Kxf5 Be2 49. Ke6 Bf3 1/2-1/2

[Event "Augsburg Afro Seniors op 9th"]
[Site "Augsburg"]
[Date "2002.08.09"]
[Round "4"]
[White "Kramar, Ilia"]
[Black "Schelle, Artur"]
[Result "1/2-1/2"]
[WhiteElo "2067"]
[BlackElo "2198"]
[PlyCount "69"]
[EventDate "2002.08.08"]
[EventType "swiss"]
[EventRounds "7"]
[EventCountry "GER"]
[SourceTitle "EXT 2007"]
[Source "ChessBase"]
[SourceDate "2006.11.23"]
[SourceVersion "1"]
[SourceVersionDate "2006.11.23"]
[SourceQuality "1"]

1. e4 c5 2. Nf3 Nc6 3. c3 d5 4. exd5 Qxd5 5. Be2 Bg4 6. h3 Bh5 7. Na3 Nf6 8. Nc4 Bxf3 9. gxf3 g6 10. Qb3 Bg7 11. d3 0-0 12. Be3 Rab8 13. a4 b6 14. Rd1 e5 15. h4 Rfe8 16. Nd2 Qd7 17. Ne4 Nh5 18. Ng3 Nf4 19. h5 Nxe2 20. Kxe2 Na5 21. Qa2 Rbd8 22. hxg6 hxg6 23. Bg5 Rc8 24. Ne4 Qe6 25. Qxe6 Rxe6 26. Bh6 f6 27. Rdg1 Kf7 28. Bxg7 Kxg7 29. Ng3 Rg8 30. Rh3 Kf7 31. Rh7+ Rg7 32. Rxg7+ Kxg7 33. Nf5+ Kh7 34. Rh1+ Kg8 35. Rg1 1/2-1/2

[Event "Augsburg Afro Seniors op 9th"]
[Site "Augsburg"]
[Date "2002.08.08"]
[Round "1"]
[White "Hennrich, Reinhard"]
[Black "Kramar, Ilia"]
[Result "0-1"]
[WhiteElo "1735"]
[BlackElo "2067"]
[PlyCount "52"]
[EventDate "2002.08.08"]
[EventType "swiss"]
[EventRounds "7"]
[EventCountry "GER"]
[SourceTitle "EXT 2007"]
[Source "ChessBase"]
[SourceDate "2006.11.23"]
[SourceVersion "1"]
[SourceVersionDate "2006.11.23"]
[SourceQuality "1"]

1. d4 g6 2. Nf3 Bg7 3. g3 Nf6 4. Bg2 0-0 5. 0-0 d5 6. Nfd2 Nc6 7. c3 e5 8. dxe5 Nxe5 9. Nf3 Nxf3+ 10. Bxf3 c6 11. Bg5 h6 12. Be3 Bh3 13. Re1 Re8 14. Qb3 b6 15. Qa4 Qd7 16. Nd2 b5 17. Qa6 Ng4 18. Bc5 Ne5 19. Bh1 Re6 20. Rad1 Rae8 21. Nf3 Nc4 22. e3 Nxb2 23. Re2 Nxd1 24. Bd4 Nxc3 25. Bxc3 Bxc3 26. Rc2 d4 0-1